• 首页
  • 本馆介绍
  • 公告通知
  • 最新文献
  • 馆藏检索
  • 电子资源
  • 读者导购
  • 参考咨询
  • 我的图书馆
  • 登录
  • 详细信息显示
  • 放入我的书架
  • 预约/预借图书
  • 作者相关作品
  • 分类相关作品
  • 丛书相关作品
  • 出版社相关作品

书目信息

  • 表格格式
  • 工作单格式
  • 卡片格式
题名:
历史哲学
    
 
作者: 德雷 著 ;王炜 , 尚新建 译
分册:  
出版信息: 北京   三联书店  1988
页数: 231页
开本: 19cm
丛书名: 新知文库
单 册:
中图分类: K01
科图分类:
主题词: 历史哲学
电子资源:
ISBN: 7-108-00021-0
000 00963nam2 2200313 450
001 0100524431
005 20161110105726.0
010    @a7-108-00021-0@dCNY1.30
011    @a7-108-00021-0
100    @a20021005d1988 emky0chiy0110 ea
101 1  @achi@ceng
102    @aCN@b110000
105    @ay z 000yy
106    @ar
200 1  @a历史哲学@9Li Shi Zhe Xue @f(美)威廉·德雷(William H.Dray)著@g王炜,尚新建译@b专著
210    @a北京@c三联书店@d1988
215    @a231页@d19cm
225 2  @a新知文库@v22@i文化:中国与世界系列丛书
300    @a书名原文:Philosophy of history
300    @a据Prentice-Hill inc.1964年版译出
410  0 @12001 @a新知文库
510 1  @aPhilosophy of history@zeng
606 0  @a历史哲学
690    @aK01@v3
701  0 @c(美)@a德雷@c(Dray,William@f1921~)@9de lei@4著
702  0 @a王炜@9wang wei@4译
702  0 @a尚新建@f(1953~)@9shang xin jian@4译
801  0 @aCN@bAiZhiMarc@c19950702
905    @aBZT@dK01@e3@f2@sK01/3
    
    历史哲学/(美)威廉·德雷(William H.Dray)著/王炜,尚新建译.-北京:三联书店,1988
    231页;19cm.-(新知文库;22.文化:中国与世界系列丛书)
    书名原文:Philosophy of history.-据Prentice-Hill inc.1964年版译出
    
    ISBN 7-108-00021-0:CNY1.30
    
●
相关链接 在五车中查询图书 在当当中查询图书 在豆瓣中查询图书


正题名:历史哲学     索取号:K01/3         预约/预借

序号 登录号 条形码 馆藏地/架位号 状态 备注
1 2000105092   2000105092   旧书回溯/ [索取号:K01/3] 在馆    
2 2000114487   2000114487   旧书回溯/ [索取号:K01/3] 在馆    
山东省滨州职业学院图书馆 欢迎您!
大连网信软件有限公司© 版权所有